City rambles, or, Baltimore as it is: (Record no. 52579)

MARC details
000 -LEADER
fixed length control field 00851cam a22002411 4500
001 - CONTROL NUMBER
control field rc 01003457
003 - CONTROL NUMBER IDENTIFIER
control field DLC
005 - DATE AND TIME OF LATEST TRANSACTION
control field 20260227111909.0
008 - FIXED-LENGTH DATA ELEMENTS--GENERAL INFORMATION
fixed length control field 841212s1857 mdua 000 0 eng
010 ## - LIBRARY OF CONGRESS CONTROL NUMBER
LC control number rc 01003457
035 ## - SYSTEM CONTROL NUMBER
System control number (OCoLC)11485777
040 ## - CATALOGING SOURCE
Original cataloging agency DLC
Transcribing agency MdU
Modifying agency MdU
-- DLC
042 ## - AUTHENTICATION CODE
Authentication code premarc
043 ## - GEOGRAPHIC AREA CODE
Geographic area code n-us-md
050 10 - LIBRARY OF CONGRESS CALL NUMBER
Classification number F189.B1
Item number G5
100 1# - MAIN ENTRY--PERSONAL NAME
Personal name Gobright, John Christopher.
245 10 - TITLE STATEMENT
Title City rambles, or, Baltimore as it is:
Remainder of title being a series of notices originally published in the Baltimore patriot and Commercial gazette, in which is given descriptive notices of new buildings ... manufactures ...
260 ## - PUBLICATION, DISTRIBUTION, ETC.
Place of publication, distribution, etc. Baltimore,
Name of publisher, distributor, etc. J.W. Woods,
Date of publication, distribution, etc. 1857.
300 ## - PHYSICAL DESCRIPTION
Extent vii, [8]-185 p.
Other physical details front, illus., pl.
Dimensions 20 cm.
651 #0 - SUBJECT ADDED ENTRY--GEOGRAPHIC NAME
Geographic name Baltimore (Md.)
General subdivision Description and travel.
740 0# - ADDED ENTRY--UNCONTROLLED RELATED/ANALYTICAL TITLE
Uncontrolled related/analytical title City rambles.
740 0# - ADDED ENTRY--UNCONTROLLED RELATED/ANALYTICAL TITLE
Uncontrolled related/analytical title Baltimore as it is.

No items available.

Powered by Koha